00189nam a22000857a 4500082001700000100002200017245002400039260003100063300000900094 a671.52 ROS'W aROSSI, BONIFACE E aWELDING ENGINEERING aNEWYORKbMCGRAW HILLc1954 a786P